| 000 | 00536nam a2200181 a 4500 | ||
|---|---|---|---|
| 005 | 20140412111303.0 | ||
| 008 | 001109s19uu xx 00 eng d | ||
| 020 | _a0-307-60245-1 | ||
| 050 |
_aER _bJu98 1990 |
||
| 100 | _aKipling, Rudyard | ||
| 245 |
_aThe Jungle book / _cstories by Rudyar Kipling ; adapted from the Mowgli. |
||
| 260 |
_aNew York : _bA Golden Book, _c1990. |
||
| 300 | _a[18] p. ; ill. | ||
| 440 | _aWalt Disney's Classic Series | ||
| 650 | _aJungle--Fiction | ||
| 650 | _aAdventures--Fiction | ||
| 999 |
_c103499 _d103499 |
||